[Event "Vienna op"]
[Site "Vienna"]
[Date "1990.??.??"]
[Round "7"]
[White "Schlosser, Michael"]
[Black "Kolev, Atanas"]
[Result "0-1"]
[WhiteElo "2360"]
[BlackElo "2445"]
[Annotator "Schussler,H"]
[PlyCount "90"]
[EventDate "1990.10.??"]
[EventType "swiss"]
[EventRounds "9"]
[EventCountry "AUT"]
[SourceTitle "CBM 021"]
[Source "ChessBase"]
[SourceDate "1991.04.01"]
[SourceVersion "1"]
[SourceVersionDate "1991.04.01"]
[SourceQuality "1"]

1. e4 e5 2. Nf3 Nc6 3. Bb5 a6 4. Ba4 Nf6 5. O-O Nxe4 6. d4 b5 7. Bb3 d5 8. dxe5
Be6 9. Nbd2 Bc5 10. c3 O-O 11. Bc2 Bf5 12. Nb3 Bg6 13. Nfd4 Bxd4 14. cxd4 a5
15. Be3 a4 16. Nd2 f6 17. Nxe4 (17. f4 fxe5 18. dxe5 Nxd2 19. Qxd2 $13) 17...
dxe4 18. exf6 Qxf6 19. Qd2 Rad8 20. Rad1 Rd5 21. f3 Qe6 22. fxe4 Rxf1+ 23. Rxf1
Bxe4 24. Bxe4 Qxe4 25. Qf2 h5 26. b3 Nxd4 27. bxa4 Rf5 28. Qd2 Rxf1+ 29. Kxf1
Nf5 30. Bf4 bxa4 31. Qd8+ Kh7 32. Qxc7 Nh4 33. g3 Qg2+ 34. Ke1 Nf3+ 35. Kd1
Qxa2 36. Qc5 Qb1+ 37. Ke2 Ng1+ 38. Kd2 Qb2+ 39. Kd1 Qb1+ 40. Kd2 Nf3+ 41. Ke2
Qe4+ 42. Be3 Ne5 43. Kd1 a3 44. Bd4 Nf3 45. Bc3 a2 0-1

[Event "YUG-ch"]
[Site "Kladovo"]
[Date "1990.??.??"]
[Round "?"]
[White "Ilincic, Zlatko"]
[Black "Todorovic, Goran M"]
[Result "1-0"]
[WhiteElo "2490"]
[BlackElo "2415"]
[Annotator "Schussler,H"]
[PlyCount "125"]
[EventDate "1990.02.??"]
[EventType "tourn"]
[EventRounds "15"]
[EventCountry "YUG"]
[EventCategory "9"]
[SourceTitle "CBM 017"]
[Source "ChessBase"]
[SourceDate "1990.08.01"]
[SourceVersion "1"]
[SourceVersionDate "1990.08.01"]
[SourceQuality "1"]

1. e4 e5 2. Nf3 Nc6 3. Bb5 a6 4. Ba4 Nf6 5. O-O Nxe4 6. d4 b5 7. Bb3 d5 8. dxe5
Be6 9. c3 Bc5 10. Nbd2 O-O 11. Bc2 Nxf2 12. Rxf2 f6 13. exf6 Bxf2+ 14. Kxf2
Qxf6 15. Nf1 Ne5 16. Be3 Rae8 17. Bc5 Nxf3 18. gxf3 Rf7 {Besides 19. Bd3 and
19. Kg2, 19. Ng3 is possible. For this move see Ivanchuk- Yusupov (game 376/
disk 17).} 19. Kg2 (19. Bd3 Bh3 20. Ng3 h5 21. Bf1 Bg4 $13 {Short-Jusupov,
Belgrade 1989.}) 19... Bf5 20. Bxf5 Qxf5 21. Ng3 Qg5 22. Qd3 h5 23. h4 Qxh4 24.
Rh1 Qc4 25. Qxc4 bxc4 26. Rxh5 Rd7 27. Rh2 Rb8 28. Kh3 Rb5 29. Ba3 Rf7 30. Kg4
Rb6 31. f4 Re6 32. Ne2 Re4 33. Kf3 Re8 34. Rh5 c6 35. Rg5 Rf6 36. Rg2 Kf7 37.
Bc5 Rh8 38. Bd4 Rh3+ 39. Kf2 Rg6 40. Ng3 Rg4 41. Kf3 Rg6 42. Rg1 Rh2 43. Bf2
Rh8 44. Rd1 Rb8 45. Rd2 Rh6 46. Bd4 Re6 47. Bf2 Re7 48. Nf5 Re6 49. a4 Rf6 50.
Ng3 Re6 51. Bc5 Re1 52. Kf2 Ra1 53. Ba3 Rh8 54. Kg2 Re1 55. Nf1 Re4 56. Rf2 Kf6
57. Nd2 Ree8 58. Nf3 Ke6 59. Ne5 Rc8 60. Bc5 Kf6 61. Bd4 Rhe8 62. Nxc4+ Ke6 63.
f5+ 1-0

[Event "Prague Bohemians-A"]
[Site "Prague"]
[Date "1990.??.??"]
[Round "?"]
[White "Prandstetter, Eduard"]
[Black "Haba, Petr"]
[Result "1/2-1/2"]
[WhiteElo "2400"]
[BlackElo "2435"]
[Annotator "Schussler,H"]
[PlyCount "80"]
[EventDate "1990.01.??"]
[EventType "tourn"]
[EventRounds "13"]
[EventCountry "CZE"]
[EventCategory "8"]
[SourceTitle "CBM 017"]
[Source "ChessBase"]
[SourceDate "1990.08.01"]
[SourceVersion "1"]
[SourceVersionDate "1990.08.01"]
[SourceQuality "1"]

1. e4 e5 2. Nf3 Nc6 3. Bb5 a6 4. Ba4 Nf6 5. O-O Nxe4 6. d4 b5 7. Bb3 d5 8. dxe5
Be6 9. c3 Bc5 10. Nbd2 O-O 11. Bc2 Bf5 12. Nb3 Bg6 13. Nfd4 Bxd4 14. cxd4 a5
15. Be3 a4 16. Nd2 f6 17. f4 $5 {A new and interesting idea. White intends to
recapture with the d-pawn on e5, thus trying to control both c5 and d4 with
pieces.} (17. Rc1 fxe5 18. Nxe4 dxe4 19. d5 Ne7 20. Bg5 Rf7 21. Re1 Qxd5 $15 {
Ernst-Marin, Tallin 1989.}) 17... fxe5 18. dxe5 Nxd2 19. Bxd2 Qd7 20. Bxg6 hxg6
21. Qc2 Qe6 22. Rac1 Ra6 23. Qd3 Rb8 24. Kh1 Rb7 25. Rc5 Ne7 26. Rxb5 Rab6 27.
Rxb6 Qxb6 28. f5 gxf5 29. Bg5 c6 30. Bxe7 Rxe7 31. Qxf5 Qb8 32. e6 Qd6 33. Qf8+
Kh7 34. Qf5+ Kg8 35. Re1 d4 36. Re4 Qd5 37. Qxd5 cxd5 38. Re1 d3 39. Kg1 Rxe6
40. Rd1 Re2 1/2-1/2

[Event "Sydney Mercantile"]
[Site "Sydney"]
[Date "1991.??.??"]
[Round "3"]
[White "Solomon, Stephen J"]
[Black "Van der Sterren, Paul"]
[Result "0-1"]
[WhiteElo "2420"]
[BlackElo "2475"]
[Annotator "Schussler,H"]
[PlyCount "48"]
[EventDate "1991.04.??"]
[EventType "tourn"]
[EventRounds "9"]
[EventCountry "AUS"]
[EventCategory "10"]
[SourceTitle "CBM 023"]
[Source "ChessBase"]
[SourceDate "1991.08.01"]
[SourceVersion "1"]
[SourceVersionDate "1991.08.01"]
[SourceQuality "1"]

1. e4 e5 2. Nf3 Nc6 3. Bb5 a6 4. Ba4 Nf6 5. O-O Nxe4 6. d4 b5 7. Bb3 d5 8. dxe5
Be6 9. c3 Bc5 10. Nbd2 O-O 11. Bc2 Bf5 12. Nb3 Bg6 13. Nfd4 Bxd4 14. cxd4 a5
15. Be3 a4 16. Nc1 a3 17. b3 f6 18. f3 {Usually 18.exf6 is played - and there
is a good reason...} fxe5 $5 {Perhaps stronger and surely more interesting
than 18. - Nc3, analyzed by Tisdall,J and Adams,M.} (18... Nc3 19. Qd2 b4 20.
Bxg6 hxg6 21. e6 Re8 22. Nd3 Rxe6 23. Nf4 {23.Nxb4 Nxb4 24.Qxc3 Rb8} Re8 24.
Nxg6 Ne7 $1 {Tisdall & Adams}) 19. fxe4 Rxf1+ 20. Kxf1 (20. Qxf1 exd4) 20...
exd4 21. Bxd4 dxe4 22. Be3 {Or 22.Ne2 Qf8+ followed by 23. - Rd8 - + .} Qf6+
23. Kg1 Rd8 24. Qg4 Qc3 $1 0-1

[Event "GER CupT"]
[Site "Germany"]
[Date "1991.??.??"]
[Round "?"]
[White "Wahls, Matthias"]
[Black "Huebner, Robert"]
[Result "1/2-1/2"]
[WhiteElo "2560"]
[BlackElo "2620"]
[Annotator "Schussler,H"]
[PlyCount "83"]
[EventDate "1991.??.??"]
[EventType "team"]
[EventRounds "9"]
[EventCountry "GER"]
[SourceTitle "CBM 024"]
[Source "ChessBase"]
[SourceDate "1991.10.01"]
[SourceVersion "1"]
[SourceVersionDate "1991.10.01"]
[SourceQuality "1"]

1. e4 e5 2. Nf3 Nc6 3. Bb5 a6 4. Ba4 Nf6 5. O-O Nxe4 6. d4 b5 7. Bb3 d5 8. dxe5
Be6 9. Nbd2 Nc5 10. c3 Be7 11. Bc2 Bg4 12. Re1 {A popular alternative is 12.
Qe1 unpinning the N at f3, thus making 13.Nd4 possible - see CBM 24/game 602.}
O-O 13. Nf1 Re8 14. h3 Bh5 15. Ng3 (15. g4 Bg6 16. Bxg6 hxg6 17. Ne3 Qd7 18.
Qxd5 Rad8 19. Rd1 Qe6 $10 {Wahls,M-Hübner,R, Munich 1991.}) 15... Bg6 16. Nf5
Bf8 17. Bf4 Ne6 18. Bh2 Na5 19. Ne3 c6 20. Nd4 Nxd4 21. cxd4 Nc4 22. b3 Nxe3
23. Rxe3 c5 $1 24. Bxg6 hxg6 25. dxc5 Bxc5 26. Rd3 d4 27. Kh1 Rc8 28. f4 Qd5
$10 29. Bg1 g5 30. Qg4 gxf4 31. Re1 Bb6 32. Qxf4 Rc2 33. Rg3 Re6 34. Rf1 Rec6
35. e6 Qxe6 36. Bxd4 Bxd4 37. Qxd4 f6 38. Qd8+ Kh7 39. Qd3+ Kg8 40. Qd8+ Kh7
41. Qd3+ Kg8 42. Qd8+ 1/2-1/2

[Event "Munich"]
[Site "Munich"]
[Date "1990.??.??"]
[Round "?"]
[White "Hickl, Joerg"]
[Black "Van der Sterren, Paul"]
[Result "1/2-1/2"]
[WhiteElo "2500"]
[BlackElo "2515"]
[Annotator "Schussler,H"]
[PlyCount "50"]
[EventDate "1990.04.??"]
[EventType "tourn"]
[EventRounds "11"]
[EventCountry "GER"]
[EventCategory "13"]
[SourceTitle "CBM 018"]
[Source "ChessBase"]
[SourceDate "1990.10.01"]
[SourceVersion "1"]
[SourceVersionDate "1990.10.01"]
[SourceQuality "1"]

1. e4 e5 2. Nf3 Nc6 3. Bb5 a6 4. Ba4 Nf6 5. O-O Nxe4 6. d4 b5 7. Bb3 d5 8. dxe5
Be6 9. c3 Bc5 10. Bc2 O-O 11. Nbd2 Bf5 12. Nb3 Bg6 13. Nfd4 Bxd4 14. cxd4 a5
15. Be3 a4 16. Nc1 a3 17. bxa3 ({Lately the theoretical discussion has
centered around} 17. b3 f6) 17... Rxa3 18. Nd3 Nc3 19. Qd2 Na5 20. Bb3 Nxa2 21.
Nc5 Nxb3 22. Nxb3 Qa8 23. Nc5 Nc3 24. Qb2 b4 25. Bd2 Qc6 1/2-1/2

[Event "Belgrade Investbank"]
[Site "Belgrade"]
[Date "1989.11.??"]
[Round "11"]
[White "Short, Nigel D"]
[Black "Jussupow, Artur"]
[Result "0-1"]
[WhiteElo "2660"]
[BlackElo "2610"]
[Annotator "Schussler,H"]
[PlyCount "74"]
[EventDate "1989.11.??"]
[EventType "tourn"]
[EventRounds "11"]
[EventCountry "YUG"]
[EventCategory "15"]
[SourceTitle "CBM 016"]
[Source "ChessBase"]
[SourceDate "1990.06.01"]
[SourceVersion "1"]
[SourceVersionDate "1990.06.01"]
[SourceQuality "1"]

1. e4 e5 2. Nf3 Nc6 3. Bb5 a6 4. Ba4 Nf6 5. O-O Nxe4 6. d4 b5 7. Bb3 d5 8. dxe5
Be6 9. c3 Bc5 10. Nbd2 O-O 11. Bc2 Nxf2 12. Rxf2 f6 13. exf6 Bxf2+ 14. Kxf2
Qxf6 15. Nf1 Ne5 16. Be3 Rae8 17. Bc5 Nxf3 18. gxf3 Rf7 19. Bd3 {Whith this
new move (19. Kg2 is the old move) White is preparing to meet 19. - Bg4 with
20. Be2. However, Yusupov`s strong answer puts the value of 19. Bd3 in doubt.}
Bh3 $1 20. Ng3 h5 21. Bf1 (21. Nxh5 Qg5 22. Ng3 d4 $1 23. Bxd4 c5 $19 {
(Yusupov)}) 21... Bg4 22. Bg2 h4 23. Nf1 h3 {23. - Re4!?} 24. Bh1 Re4 25. Ng3
Rf4 26. Kg1 {26. Dxd5!} Qc6 27. Be3 Bxf3 28. Qf1 Re4 29. Qd3 Rg4 30. Bd4 Be4
31. Qe2 Qg6 32. Bxe4 dxe4 33. a4 $2 Rf3 34. axb5 axb5 35. b4 Rgxg3+ 36. hxg3
Rxg3+ 37. Kh1 e3 0-1

[Event "YUG-ch"]
[Site "Kladovo"]
[Date "1990.??.??"]
[Round "?"]
[White "Ivanovic, Bozidar"]
[Black "Todorovic, Goran M"]
[Result "1/2-1/2"]
[WhiteElo "2520"]
[BlackElo "2415"]
[Annotator "Schussler,H"]
[PlyCount "41"]
[EventDate "1990.02.??"]
[EventType "tourn"]
[EventRounds "15"]
[EventCountry "YUG"]
[EventCategory "9"]
[SourceTitle "CBM 017"]
[Source "ChessBase"]
[SourceDate "1990.08.01"]
[SourceVersion "1"]
[SourceVersionDate "1990.08.01"]
[SourceQuality "1"]

1. e4 e5 2. Nf3 Nc6 3. Bb5 a6 4. Ba4 Nf6 5. O-O Nxe4 6. d4 b5 7. Bb3 d5 8. dxe5
Be6 9. Nbd2 Bc5 10. c3 O-O 11. Bc2 Bf5 12. Nb3 Bg6 13. a4 $5 (13. Nfd4 Bxd4 14.
cxd4 a5 15. Be3 a4 16. Nc1 a3 17. b3 f6 18. exf6 Qxf6 19. Ne2 Qe7 $1 $10 {
Speelman-Timman, (m4), London 1989.}) 13... Bb6 14. Nbd4 Qd7 15. Be3 Na5 16.
axb5 axb5 17. Nh4 Nc4 18. Nxg6 hxg6 19. Rxa8 Rxa8 20. e6 fxe6 21. Bxe4 1/2-1/2

[Event "San Sebastian op 22nd"]
[Site "San Sebastian"]
[Date "1999.??.??"]
[Round "?"]
[White "Spraggett, Kevin"]
[Black "Korneev, Oleg"]
[Result "1/2-1/2"]
[WhiteElo "2520"]
[BlackElo "2580"]
[Annotator "Spraggett,K"]
[PlyCount "125"]
[EventDate "1999.03.27"]
[EventType "swiss"]
[EventRounds "9"]
[EventCountry "ESP"]
[SourceTitle "EXT 2002"]
[Source "ChessBase"]
[SourceDate "2001.11.25"]
[SourceVersion "1"]
[SourceVersionDate "2001.11.25"]
[SourceQuality "1"]

1. e4 e5 2. Nf3 Nc6 3. Bb5 a6 4. Ba4 Nf6 5. O-O Nxe4 6. d4 b5 7. Bb3 d5 8. dxe5
Be6 9. c3 Be7 10. Nbd2 Nc5 11. Bc2 Bg4 12. Re1 O-O 13. Nf1 Re8 $6 (13... Bh5 $5
) (13... d4 $5) 14. h3 Bh5 15. Ng3 Bg6 16. Nf5 Bf8 $5 (16... Ne4 $6 {- 71/357})
17. Bf4 $1 $36 (17. g4 $5 $132) 17... Qd7 $5 $146 (17... Ne6 18. Bh2 Na5 19.
N3h4 $5 (19. Ne3) 19... c5 20. Nxg6 hxg6 21. Nd6) 18. N3h4 $1 (18. g4 $132)
18... Na4 $5 19. Rb1 Nb6 20. Qg4 $1 $36 Qe6 (20... Nc4 $4 21. Nh6+ $18) 21. Qg3
Nc4 22. Kh1 $5 (22. Nxg6 hxg6 23. Nd4 (23. Nh4 $6 N6xe5 24. Bxe5 Nxe5 25. f4
Qb6+ $17) 23... Nxd4 24. cxd4 c5) 22... Kh8 $6 (22... Rad8 $5 {/\ d4}) 23.
Nxg6+ fxg6 (23... Qxg6 24. Qh4 $1) (23... hxg6 24. Nh4 {/\ Nf3-g5}) 24. Nh4 Be7
25. Bg5 $1 $16 Rf8 26. Bxe7 (26. Nf3 $2 Rxf3 $1 27. gxf3 Bxg5 28. Qxg5 Qxh3+
29. Kg1 Qxf3 $17) 26... Nxe7 27. Nf3 $5 (27. f4 $132) 27... Rxf3 $8 28. Qxf3 (
28. gxf3 $6 Rf8 $44) 28... Nd2 29. Qe3 Nxb1 30. Bxb1 Rd8 31. Qc5 $1 Rd7 32. Kg1
h6 33. h4 Kg8 34. g3 Nc6 35. Kg2 Ne7 (35... Na5 $6 36. Bxg6 $1 Qxg6 37. e6 Rd8
38. Qxc7 Re8 39. Qxa5 Rxe6 40. Qd8+ Kh7 41. h5) 36. Bc2 {[/\ a4-a5]} Qb6 $5 37.
Qxb6 cxb6 38. a4 $1 bxa4 39. Bxa4 Rc7 40. Bc2 Kf7 41. Bd3 b5 42. f4 h5 43. Kf3
Rc6 44. g4 hxg4+ 45. Kxg4 Rb6 46. Kg5 Rc6 47. h5 $6 (47. Rh1 $1 $16 {/\ h5})
47... gxh5 48. f5 (48. Kxh5 Rh6+ 49. Kg5 Rh3) 48... Kf8 $1 49. Be2 b4 $1 50.
Bxh5 bxc3 51. bxc3 Rxc3 52. Rb1 d4 53. Bg4 Rc5 $1 54. Rb8+ Rc8 $1 55. Rb7 Rd8
$1 56. f6 gxf6+ 57. exf6 (57. Kxf6 Ng8+ $11) 57... Rd5+ $1 58. Kh6 Rd6 $1 59.
Kg5 Rd5+ 60. Kf4 $5 Ng6+ 61. Ke4 Re5+ $1 (61... Rg5 62. Bf5 $1) 62. Kxd4 Rb5
$11 63. Rxb5 1/2-1/2

[Event "Carlsberg Match Short-Torre +1-1=4"]
[Site "Manila"]
[Date "1988.10.21"]
[Round "4"]
[White "Short, Nigel D"]
[Black "Torre, Eugenio"]
[Result "1-0"]
[WhiteElo "2665"]
[BlackElo "2555"]
[Annotator "Torre,E"]
[PlyCount "81"]
[EventDate "1988.10.17"]
[EventType "match"]
[EventRounds "6"]
[EventCountry "PHI"]
[SourceTitle "EXT 2019"]
[Source "ChessBase"]
[SourceDate "2018.10.10"]
[SourceVersion "1"]
[SourceVersionDate "2018.10.10"]
[SourceQuality "1"]

1. e4 e5 2. Nf3 Nc6 3. Bb5 a6 4. Ba4 Nf6 5. O-O Nxe4 6. d4 b5 7. Bb3 d5 8. dxe5
Be6 9. c3 Nc5 10. Bc2 Bg4 11. Nbd2 Be7 12. Re1 Bh5 13. b4 Ne6 14. Nf1 O-O 15.
a4 Qd7 16. Bf5 Rad8 17. axb5 axb5 18. g4 Bg6 19. h4 h5 20. Ng3 d4 21. Ra6 hxg4
22. Bxg4 Nb8 23. Rxe6 fxe6 24. Nxd4 Bf7 25. Bg5 Nc6 $2 (25... Bxb4 $5) (25...
Bxg5) 26. Bxe7 Nxe7 27. Ne4 Ng6 28. Ng5 Rfe8 29. Bh5 Nh8 30. Qc2 g6 31. Ne4 $18
Kg7 32. Nf6 Qc8 33. Nc6 Qa6 34. Nxd8 Rxd8 35. Bf3 Qa7 36. Kg2 c5 37. Qc1 cxb4
38. Ng4 Kf8 39. Qh6+ Ke7 40. Qg5+ Ke8 41. Bc6+ 1-0

[Event "Politiken Cup 18th"]
[Site "Copenhagen"]
[Date "1996.??.??"]
[Round "7"]
[White "Tseshkovsky, Vitaly"]
[Black "Hartman, Christer"]
[Result "1-0"]
[WhiteElo "2540"]
[BlackElo "2370"]
[Annotator "Wedberg,T"]
[PlyCount "84"]
[EventDate "1996.06.??"]
[EventType "swiss"]
[EventRounds "11"]
[EventCountry "DEN"]
[SourceTitle "CBM 054"]
[Source "ChessBase"]
[SourceDate "1996.10.01"]
[SourceVersion "1"]
[SourceVersionDate "1996.10.01"]
[SourceQuality "1"]

1. e4 {Hecht} e5 2. Nf3 Nc6 3. Bb5 a6 4. Ba4 Nf6 5. O-O Nxe4 6. d4 b5 7. Bb3 d5
8. dxe5 Be6 9. Nbd2 Nc5 10. c3 Be7 11. Bc2 Bg4 12. Re1 d4 13. Nb3 d3 14. Bb1
Nxb3 15. axb3 Bf5 16. Be3 O-O (16... Qd5 17. Bd4 O-O (17... Be4 $6 18. Bxd3
Bxd3 19. Qxd3 Qxb3 20. e6 $1 O-O 21. Bxg7 $1 Kxg7 22. Nd2 Qxb2 23. Reb1 $18 {
1-0 Sanakojev-Oim/cr 1981 (35)}) 18. Bxd3 Bxd3 19. Qxd3 Qxb3 20. e6 fxe6 21.
Qe4 Qd5 22. Qxe6+ Qxe6 23. Rxe6 Bd6 $10 {0-1 Mrva,M-Sorin,A/Moscow olm (13)
SVK-ARG ;EXP 44 1994 (49)}) 17. Bd4 $5 (17. Nd4 Nxd4 18. cxd4 Bb4 19. Rf1 c5
$10 {Larsen,B/ECO}) 17... Nxd4 $2 (17... Qd5 $142) 18. Nxd4 Bg6 19. Bxd3 $1
Bxd3 20. Nc6 $8 {The move that refutes Blacks 17. - Nxd4.} Qd7 21. Nxe7+ Kh8
22. Re3 Rfd8 23. Nc6 Qxc6 24. Rxd3 Rxd3 25. Qxd3 $16 Qe6 26. Qxb5 Rd8 27. Qe2
Qxb3 28. h3 h6 29. Kh2 Rb8 30. Rxa6 Qxb2 31. Qxb2 Rxb2 {Hecht: aktive weiße
T+K + Raumvorteil + Mehrbauer ==> Gewinn; einfach} 32. f4 Rb8 33. Rc6 $18 Rb7
34. Kg3 Kg8 35. e6 fxe6 36. Rxe6 Kf7 37. Rc6 Ke7 38. Kg4 Kd8 39. Kh5 Rb5+ 40.
Kg6 Rb2 41. g4 Rh2 42. Kxg7 Rxh3 1-0

[Event "Koop Tjuchem"]
[Site "Groningen"]
[Date "1996.??.??"]
[Round "8"]
[White "Timman, Jan H"]
[Black "Kortschnoj, Viktor Lvovich"]
[Result "1/2-1/2"]
[WhiteElo "2590"]
[BlackElo "2635"]
[Annotator "Wedberg,T"]
[PlyCount "88"]
[EventDate "1996.12.20"]
[EventType "tourn"]
[EventRounds "11"]
[EventCountry "NED"]
[EventCategory "16"]
[SourceTitle "CBM 057"]
[Source "ChessBase"]
[SourceDate "1997.04.01"]
[SourceVersion "1"]
[SourceVersionDate "1997.04.01"]
[SourceQuality "1"]

{Kortschnoj surprises Timman with a sacrifice that is also an opening novelty.
The move might be a bit dubious in analysis, but for one game it works just
fine.} 1. e4 e5 2. Nf3 Nc6 3. Bb5 Nf6 4. O-O Nxe4 5. d4 a6 6. Ba4 b5 7. Bb3 d5
8. dxe5 Be6 9. Nbd2 Nc5 10. c3 Be7 11. Bc2 Bg4 12. Re1 O-O 13. Nf1 (13. Nb3 {
This solid approach gives White a slight plus - without complications.} Ne6 (
13... Re8 14. h3 Nxb3 15. axb3 (15. Qd3 g6 (15... Bf5 $5) 16. Bxb3 Be6 17. Rd1
Qd7 18. Bxd5 Rad8 $13 {1/2-1/2 Sax,G-Huebner,R/EUCup (Honved-Bayern) [1] 1991 
(38)}) 15... Bh5 16. b4 Qd7 17. Bb3 $14 {Kortschnoj}) (13... Qd7 14. Nxc5 Bxc5
15. h3 Be6 16. Nd4 Nxd4 17. cxd4 Be7 18. Be3 f5 19. exf6 Bxf6 20. Rc1 $14 {
1-0 Ivanchuk,V-Haba,P/Debrecen 1988 (40)}) (13... Ne4 14. Bf4 (14. Bxe4 $2 dxe4
15. Qxd8 Raxd8 16. Rxe4 Rd1+ 17. Ne1 Bf5 18. Re3 Bg5 19. Re2 Bd3 $17) 14... Re8
(14... f5 15. exf6 Nxf6 16. Qd3 $16 {Aljechin-Nimzowitsch, Petersburg 1914.})
15. Bxe4 dxe4 16. Rxe4 Qxd1+ 17. Rxd1 Bxf3 18. gxf3 Rad8 19. Ree1 g5 20. Bg3
$16 {Kuczynski,R-Marin,M/Budapest zt-B 1993/1/2-1/2 (51)}) 14. Qd3 g6 15. Bh6 (
15. Nfd4 Ncxd4 16. Nxd4 Nxd4 17. cxd4 c5 18. Qg3 Qd7 19. dxc5 Bxc5 20. Bg5 Rfe8
21. Bf6 Rac8 22. Bb3 Bf5 23. Rad1 $14 {Chandler,M-Wedberg,T/Haninge 1988/1-0 
(35)}) 15... Re8 16. Rad1 Bf5 17. Qd2 Bxc2 18. Qxc2 Qd7 19. h4 Red8 20. h5 $16
{1-0 Emms,J-Rutherford,L/Hastings Masters 1995 (26)}) 13... d4 $5 {The
thematic push in the open spanish. But the move has not been played much in
this exact position. The current game is, to my knowledge, the fist time its
been played by anyone but myself.} (13... Re8 {Is more solid}) 14. h3 (14. cxd4
$2 Bxf3 15. Qxf3 Nxd4 16. Qd1 Nxc2 17. Qxc2 Qd3 $15) 14... Bh5 (14... Bxf3 15.
Qxf3 d3 16. Bb1 Qd7 17. b4 $16) 15. Ng3 (15. g4 d3 16. gxh5 dxc2 17. Qxc2 f6
18. e6 (18. exf6 Rxf6 19. Rd1 Qe8 20. Ng5 Qxh5 $17 {Mortensen,E-Wedberg,T/
Torshavn Nordic-ch 1987/1/2-1/2 (65)}) 18... Qd5 19. Qe2 Qxh5 $13 {Jansa,
V-Wedberg,T/Gijon/1988}) 15... Bxf3 16. Qxf3 d3 17. b4 $1 (17. Qxc6 dxc2 18.
Qf3 (18. Nf5 $6 Nd3 19. Re2 Bg5 20. f4 (20. Ne3 Nxe5 21. Qe4 Re8 22. Qxc2 Nd3
23. Bd2 Nf4 24. Ree1 Qd3 $17 {Sanz-Wedberg/Gijon/1988}) 20... Nxf4 21. Bxf4
Bxf4 22. Rxc2 Qd3 $17 {Brynell,S-Wedberg,T/Swe team cup/1988}) 18... Nd3 19.
Re2 Bg5 20. Bxg5 Qxg5 21. Rxc2 Nxe5 22. Qe4 Rae8 23. Re2 Re6 $11 {1/2-1/2 Vehi
Bach,V-Wedberg,T/Biel op 1990 (27)}) (17. Bb3 Na5 18. Rd1 Naxb3 19. axb3 Nxb3
20. Rxd3 Qc8 $13) (17. Bb1 $2 d2 18. Bxd2 Qxd2 19. Rd1 Qxb2 20. Qxc6 Qxc3 21.
Qxc7 Bd8 22. Qd6 Bg5 $15) 17... dxc2 18. bxc5 Qd7 (18... Qe8 19. Nf5 $40) 19.
Nf5 Nxe5 $5 $146 {A surprising novelty. Kortschnoj gives a piece for unclear
compensation.} (19... Kh8 $6 20. Qg4 g6 21. Nxe7 Qxg4 22. hxg4 Nxe7 23. Bg5 Nd5
24. Rac1 $14 {Rodriguez,A-Wedberg,T/New York Open/1988}) (19... Qe6 $5 {
This could well be the best move in the position.} 20. Qg4 (20. Qxc6 Qxf5 21.
Qxc7 Qe6 $1 $15) 20... Qg6 (20... g6 $5) 21. Qxg6 hxg6 22. Nxe7+ Nxe7 23. Bg5
Nd5 $13) 20. Rxe5 Qd1+ 21. Kh2 Bf6 22. Re3 Rad8 {If Black would get b4 in,
things would look rather rosy.} (22... b4 23. Ne7+ Kh8 24. Nd5 $16) (22... Rae8
23. Nh6+ Kh8 24. Rxe8 Rxe8 25. Nxf7+ Kg8 26. Nh6+ Kh8 27. Qf5 $16) 23. a3 a5
24. Qe4 (24. Ne7+ Kh8 25. Nc6 Rde8 26. Nxa5 Be5+ 27. g3 f5 28. Kg2 f4 29. gxf4
Re6 $1 $40 {This was Kortschnojs suggestion after the game.} 30. Qe4 Rg6+ 31.
Qxg6 hxg6 32. Rxe5 Rxf4 $15) 24... h5 25. Nd4 $2 (25. Ne7+ $1 Kh8 (25... Bxe7
26. Qxe7 Qf1 27. Re2 Rd1 28. Rxc2 $16) 26. Nc6 Rd5 27. Nxa5 Rxc5 28. Nb3 Rxc3
29. Rxc3 Bxc3 30. Ra2 $18) 25... Rxd4 $1 26. cxd4 Bxd4 27. Ra2 Qxc1 $1 28. Rxc2
(28. Qxd4 Qb1 29. Ra1 c1=Q 30. Rxb1 Qxb1 31. Qe5 $11) 28... Qb1 29. Ree2 (29.
Qxd4 Qxc2 $15) 29... Bf6 30. Rcd2 (30. c6 $1 {Timman}) 30... Qc1 31. Qe3 b4 32.
axb4 axb4 33. Rd5 Qc4 34. Qd3 Qxd3 35. Rxd3 Rb8 36. Rb3 Rb5 37. c6 Rb6 38. Re4
Bc3 39. Rc4 Kf8 40. Rb1 Ke7 41. f4 Ke6 42. Rd1 f5 43. g4 g6 44. Kg3 Ra6 1/2-1/2